000 00589nam a2200229Ia 4500
003 OSt
005 20221007071625.0
006 a|||||r|||| 00| 0
007 ta
008 221006b |||||||| |||| 00| 0 eng d
024 _a10,631
037 _cTextual
040 _aFLL
_cFLL
_beng
041 _2eng
_aeng
082 _aL:Z, J3
100 _aGordon I. Au.
_9689098
245 0 _aMedical jurisprudence
260 _aLondon
_bE. and S. livingstone ltd. London
_c1953
300 _a367p
_ccm.
942 _hL:Z, J3
_cTEXL
_2CC
999 _c1143824
_d1143824